000
00299 a2200145 4500
001
180754
020
_a
040
_c
Magnum
100
_a
La Fontaine
240
1
0
_a
A vendedora de leite
_l
por
245
1
0
_a
A vendedora de leite
362
0
_a
1899
697
_a
MAGNITO: I/FABULAS
942
_c
BK
999
_c
180754
_d
180754